000 00286nam a22001217a 4500
041 _aENG
100 _aCharaya.J.S
245 _aA Text Book Of Estimating And Costing Mechanical
260 _aNew Delhi
_bSatya Prakashan
_c1965
300 _a50
650 _aFMP
856 _uFMP ( 04 )
999 _c1448
_d1448